Регионална библиотека "Любен Каравелов" - Русе

Съчинението разсъждение и анализът на лирическите творби, изучавани в седми клас (Запис номер 110289)

MARC детайли
000 -Лидер
Контролно поле с фиксирана дължина 02252nam a2200409 c 4500
003 - Код на организацията, давaща контролен номер
Контролно поле BLK
005 - Дата и час на последна редакция
Контролно поле 20240615153440.0
008 - Елементи от данни с фиксирана дължина
fixed length control field 180409b bul|||||r ||||||| ||bul||
010 ## - Наследен системен номер
LC control number KNG00115614000
020 ## - Международен стандартен номер на книга ISBN
Международен стандартен номер на книга ISBN 954-90725-2-5
-- издат.: Д-р Иван Богоров
040 ## - Източник на каталожния запис
Идентификатор на билиотеката - собственик на записа BLK
041 ## - Код за език
Код за езика на текст/звукозапис или на отделно заглавие Български
Код за езика КДБФ Български
080 ## - УДК
Текстов определител УДК Българска литература в основното училище. Методика на обучението
УДК код - определител по УДК 373.3.016:821.163.2
УДК определител (075.2)
УДК - код + определител 373.3.016:821.163.2(075.2)
080 ## - УДК
Текстов определител УДК Литературна дейност. Редактиране. Култура на речта. Стилистика. Литературна техника
УДК код - определител по УДК 808
УДК определител (075.2)
УДК - код + определител 808(075.2)
100 1# - Редна дума - Автор
Автор Васева, Милена Петрова
Авторска отговорност първи автор
R(LIN) 364002
139 ## - Редно поле
Редна дума Васева, Милена Петрова и др.
Авторски знак Вас - В 23
245 10 - Сведения за заглавието
Заглавие Съчинението разсъждение и анализът на лирическите творби, изучавани в седми клас
Редно поле (дума) Милена Петрова Васева; съавт. Весела Василева Михайлова.
257 ## - Страна на издаване
Страна на създаване/издаване България
260 ## - Област на издателските данни
-- София
Име на издателя, разпространителя и проч. Д-р Иван Богоров
Година на издаване 2001
Печатница София : Д. Благоев
300 ## - Физическа характеристика
Страници 104 с.
Размери/Мащаб 22 см
380 ## - Жанр
Жанр Обществени науки
500 ## - Общи забележки
Забележка Съдържа и На прощаване / Христо Ботев ; Заточеници / Пейо Яворов ; Опълченците на Шипка / Иван Вазов ; Българският език / Иван Вазов.
650 #4 - Допълнително описание по предмет – тема
Основно описание – тема или топоним Българска литература - учебници за основни училища
9 (RLIN) 250869
650 #4 - Допълнително описание по предмет – тема
Основно описание – тема или топоним Съчинение и преразказ
9 (RLIN) 262069
653 ## - Ключова дума – ненормативна
Ключова дума съчинение
653 ## - Ключова дума – ненормативна
Ключова дума преразказ
653 ## - Ключова дума – ненормативна
Ключова дума българска литература
653 ## - Ключова дума – ненормативна
Ключова дума учебни помагала
653 ## - Ключова дума – ненормативна
Ключова дума VІІ кл.
700 1# - Други автори (авторска отговорност)
Лично име Михайлова, Весела Василева
9 (RLIN) 97747
852 ## - Местоположение
Форматна сигнатура Цб 221260
856 4# - Електронен адрес и достъп
Електронен формат pdf - файл
Път до файла /url/
856 4# - Електронен адрес и достъп
Електронен формат pdf - файл
Път до файла /url/
942 ## - АРТИКУЛИ
Вид на библиотечния материал Книги
Скрит в OPAC Не
Koha issues (borrowed), all copies 2
944 ## - СЪЗДАВАНЕ И РЕДАКЦИЯ на ЗАПИСА
Създаване/Редакция Създаване
Дата на регистрацията/редакция 18.10.2004
Статус, дата на статуса Севдалина Тодорова
Служител, извършил регистрацията/редакцията 30540
944 ## - СЪЗДАВАНЕ И РЕДАКЦИЯ на ЗАПИСА
Създаване/Редакция Редакция
Дата на регистрацията/редакция 24.10.2016
Статус, дата на статуса ф /
Служител, извършил регистрацията/редакцията Людмила_Стоянова
999 ## - СИСТЕМНИ КОНТРОЛНИ НОМЕРА
Koha biblionumber 110289
Koha biblioitemnumber 110289
Наличности
Код за отписване Код за изгубен артикул Код за повреда Коз за рестрикции Код за отдаване Артикулен № Име на библиотеката - собственик Име на библиотеката, в която се намира в момента Статус (Текущо местоположение) Дата на вписване в системата Местоположение - отдел Цена в лева Инвентарен номер Систематично азбучна сигнатура Баркод Номер на екземпляра Цена в евро Служебна бележка Служебен тип на артикула Източник на класификационната схема
  Не е изгубен Не е повреден без рестрикции ползва се в читалня 177550 Регионална библиотека "Любен Каравелов" Русе Регионална библиотека "Любен Каравелов" Русе Хранилище 2004-10-18 Хранилище 3.00 120000689364 Цб 221260 120000689364 1 1.53 Дост: Dp Вид: Д N: 50 Дата: 03.12.2003 Книги  
  Не е изгубен Не е повреден без рестрикции заемане за дома 177551 Регионална библиотека "Любен Каравелов" Русе Регионална библиотека "Любен Каравелов" Русе Детски отдел 2005-11-03 Детски отдел 3.00 120000697784 ДН 373.3.016:821/В 23 120000697784 2 1.53 Дост: DA Вид: А N: 24 Дата: 02.11.2005 Дата инв: 21.08.2015 Бележки инв: Д2015 Книги Universal Decimal Classification
Изтеглен Не е изгубен Не е повреден без рестрикции заемане за дома 177552 Регионална библиотека "Любен Каравелов" Русе Регионална библиотека "Любен Каравелов" Русе Детски отдел 2016-10-06 Детски отдел 3.00 120000804371 ДН 372.88/В 23 120000804371 3 1.53 Дост: DA Вид: А N: 35 Дата: 06.10.2016 Книги Universal Decimal Classification
Vip Innovations Ltd, Rousse, Bulgaria 2025